000 04648cam a22004814i 4500
003 PE-LiUPU
005 20250731172906.0
008 170124s2016 miu rb 001 0 eng d
020 _a0802865763
_qhardcover
_qalkaline paper
020 _a9780802865762
_qhardcover
_qalkaline paper
035 _a(Sirsi) a166460
040 _aPE-LiUPU
_bspa
_cPE-LiUPU
_erda
049 _aPRUA
082 0 4 _a220.1
_bT4
_223
245 0 4 _aThe enduring authority of the Christian Scriptures /
_cedited by D.A. Carson.
264 1 _aGrand Rapids, Michigan :
_bWilliam B. Eerdmans Publishing Company,
_c2016.
300 _axvi, 1,240 páginas ;
_c23 centimetros
336 _atext
_2rdacontent
337 _aunmediated
_2rdamedia
338 _avolume
_2rdacarrier
504 _aBibliografía : páginas 1227-1240.
504 _aÍndices: páginas 1185-1226.
505 0 _aThe many faces of the current discussion / D.A. Carson -- "The truth above all demonstration" : Scripture in the Patristic Period to Augustine / Charles E. Hill -- The Bible in the Reformation and Protestant orthodoxy / Robert Kolb -- Natural philosophy and biblical authority in the seventeenth century / Rodney L. Stiling -- German pietism and scriptural authority : the question of biblical inerrancy / John D. Woodbridge -- Wesleyan theology and the authority of Scripture : historic affirmations and some contemporary issues / Thomas H. McCall -- The "Old Princetonians" on biblical authority / Bradley N. Seeman -- Accommodation historically considered / Glenn S. Sunshine -- The answering speech of men : Karl Barth on holy Scripture / David Gibson -- Roman Catholic views of biblical authority from the late nineteenth century to the present / Anthony N.S. Lane -- The Old Testament canon, Josephus, and cognitive environment / Stephen G. Dempster -- "Competing histories, competing theologies?" Reflections on the unity and diversity of the Old Testament('s readers) / V. Philips Long -- Ehrman's equivocation and the inerrancy of the original text / Peter J. Williams -- E pluribus unum? Apostolic unity and early Christian literature / Simon Gathercole -- Why a book? Why this book? Why the particular order within this book? Some theological reflections on the canon / Graham A. Cole -- God and the Bible / Peter F. Jansen -- God and the Scripture writers : the question of double authorship / Henri A.G. Blocher -- Myth, history, and the Bible / Bruce K. Waltke -- Biblical authority and diverse literary genres / Barry G. Webb -- The generous gift of a gracious Father : toward a theological account of the clarity of Scripture / Mark D. Thompson -- Postconservative theologians and scriptural authority / Osvalso Padilla -- Reflections on Jesus' view of the Old Testament / Craig L. Blomberg -- The problem of the New Testament's use of the Old Testament / Douglas J. Moo and Andrew David Naselli -- May we go beyond what is written after all? The pattern of theological authority and the problem of doctrinal development / Kevin J. Vanhoozer -- Contemporary religious epistemology : some key aspects / James Beilby -- Non-foundation epistemologies and the truth of Scripture / R. Scott Smith -- Authority and truth / Michael C. Rea -- The idea of inerrancy / Paul Helm -- To whom does the text belong? Communities of interpretation and the interpretation of communities / Richard Lints -- Science and Scripture / Kirsten Birkett -- Knowing the Bible is the Word of God despite competing claims / Te-Li-Lau -- Qurʼanic challenges for the Bible reader / Ida Glaser -- Can Hindu Scriptures serve as a "tutor" to Christ? / Timothy C. Tennent -- Buddhist sutras and Christian revelation / Harold Netland and Alex G. Smith -- Take, read / Daniel M. Doriani -- Summarizing FAQs / D.A. Carson.
526 _aSEG42
526 _aSEG41
526 _aSEG40
526 _aSEG39
526 _aP94
526 _aP87
526 _aP86
526 _aP85
526 _aP77
526 _aP76
526 _aP35
650 0 4 _aAutoridad
_xAspectos religiosos.
_2fast
_0(OCoLC)fst00821658
700 1 _aCarson, D. A.,
_eeditor.
910 _ajck
_bjvq
_cjck
_d20170124.
942 _2ddc
_cBOOK
949 _a220.1 T4
_wDEWEY
_c1
_i75599
_lCATALOGING
_mBUL
_p46.00
_r0
_sY
_tBOOK
_u2017-01-24
_xTEOLOGIA
_zPOSGRADO TEOLOGÍA
_0COMPRA
_o.CIRCNOTE. El documento es de alto precio.
_o.STAFF. Colección Teología
596 _a1
999 _a220.1 T4
_wLC
_c15200
_i75599
_d15200
_f2021-11-9
_g6
_lCCODEBUL1
_mBUL
_p46.00
_q2
_r0
_sY
_tBOOK
_u2017-1-24
_xTEOLOGIA
_PP85
_0COMPRA
_o.STAFF. Colección Teología
980 _81
_gALBERTO SANCHEZ Responsable de Automatización